Shahaab Namah (Record no. 33106)

000 -LEADER
fixed length control field 00258nam a22001217a 4500
082 ## - DEWEY DECIMAL CLASSIFICATION NUMBER
Classification number 923.5
100 ## - MAIN ENTRY--PERSONAL NAME
Personal name Qudrat Ullah Shahaab
245 ## - TITLE STATEMENT
Title Shahaab Namah
260 ## - PUBLICATION, DISTRIBUTION, ETC.
Place of publication, distribution, etc. Lahore
Name of publisher, distributor, etc. Sang e meel
Date of publication, distribution, etc. 2013.
300 ## - PHYSICAL DESCRIPTION
Extent 840.pm ;
500 ## - GENERAL NOTE
General note Hardcover.
942 ## - ADDED ENTRY ELEMENTS (KOHA)
Koha item type Book
Holdings
Withdrawn status Lost status Source of classification or shelving scheme Damaged status Not for loan Permanent Location Current Location Date acquired Total Checkouts Total Renewals Full call number Barcode Checked out Date last seen Date last checked out Price effective from Koha item type
          School of Mechanical & Manufacturing Engineering (SMME) School of Mechanical & Manufacturing Engineering (SMME) 12/28/2015 4 2 923.5 QUD SMME-2182 01/05/2025 12/06/2024 12/06/2024 12/28/2015 Book
© 2023 Central Library, National University of Sciences and Technology. All Rights Reserved.